[Event "FIDE World Blitz 2013"]
[Site "Khanty-Mansiysk RUS"]
[Date "2013.06.09"]
[Round "12.14"]
[White "Guseinov, Gadir"]
[Black "Zvjaginsev, Vadim"]
[Result "1/2-1/2"]
[WhiteTitle "GM"]
[BlackTitle "GM"]
[WhiteElo "2631"]
[BlackElo "2659"]
[WhiteFideId "13401378"]
[BlackFideId "4113403"]
[EventDate "2013.06.09"]

1. e4 e6 2. d4 d5 3. Nd2 c5 4. Ngf3 Nc6 5. exd5 exd5 6. dxc5 Bxc5 7. Nb3 Bb6 8.
Bd3 Nf6 9. O-O O-O 10. h3 Ne4 11. c3 Qf6 12. Bc2 Rd8 13. Nbd4 h6 14. Be3 Bd7 15.
Re1 Qg6 16. Nh4 Qf6 17. Nhf3 Qg6 18. Kh1 Na5 19. Ne5 Qd6 20. Nxd7 Rxd7 21. Nf5
Bxe3 22. Nxd6 Nxf2+ 23. Kh2 Nxd1 24. Nf5 Bf4+ 25. g3 Ne3 26. Nxe3 Bxe3 27. Rxe3
Nc4 28. Re2 Kf8 29. Rae1 g6 30. Bd3 Rc8 31. Rd1 Rcc7 32. Rf2 Kg7 33. g4 a6 34.
a3 b5 35. Re2 d4 36. Bxc4 Rxc4 37. Red2 a5 38. cxd4 1/2-1/2

[Event "FIDE World Blitz 2013"]
[Site "Khanty-Mansiysk RUS"]
[Date "2013.06.09"]
[Round "12.15"]
[White "Tkachiev, Vladislav"]
[Black "Artemiev, Vladislav"]
[Result "1/2-1/2"]
[WhiteTitle "GM"]
[BlackTitle "IM"]
[WhiteElo "2649"]
[BlackElo "2524"]
[WhiteFideId "618438"]
[BlackFideId "24101605"]
[EventDate "2013.06.09"]

1. Nf3 d5 2. d4 Nf6 3. c4 c6 4. g3 Bf5 5. Nc3 e6 6. Nh4 Bg4 7. h3 Bh5 8. g4 Bg6
9. Qb3 Qb6 10. Nxg6 hxg6 11. g5 Ng8 12. e4 dxe4 13. Nxe4 Bb4+ 14. Nc3 Ne7 15.
Be3 Nf5 16. O-O-O Be7 17. Ne4 Nd7 18. Qc2 Qa5 19. Kb1 Rh4 20. Bc1 Rc8 21. Bg2
Kf8 22. Rd3 Qc7 23. Qc3 Nb6 24. Ng3 Rd8 25. Nxf5 gxf5 26. Re1 g6 27. f4 Kg8 28.
Qc2 Bf8 29. Qf2 Rh7 30. b3 a5 31. a4 Nd7 32. Qc2 Bd6 33. Rf1 Bf8 34. Rdd1 Bg7
35. Bb2 Rh4 36. Qf2 Rh7 37. h4 Qb6 38. Ka2 Nb8 39. Rd2 Na6 40. Rfd1 Nb4+ 41. Kb1
Kf8 42. Qg3 Ke7 43. Bc3 Rdh8 44. d5 cxd5 45. Bxg7 Rxg7 46. Qc3 Rgh7 47. cxd5
Nxd5 48. Bxd5 exd5 49. Re2+ Kf8 50. Rde1 Qc6 51. Re8+ Qxe8 52. Qc5+ Kg7 53. Qd4+
Kf8 54. Rxe8+ Kxe8 55. Qe5+ Kf8 56. Qb8+ Kg7 57. Qe5+ Kg8 58. Qe8+ Kg7 59. Qe5+
Kg8 60. Qe8+ Kg7 61. Qe5+ Kg8 1/2-1/2

[Event "FIDE World Blitz 2013"]
[Site "Khanty-Mansiysk RUS"]
[Date "2013.06.09"]
[Round "12.16"]
[White "Rakhmanov, Aleksandr"]
[Black "Vasquez Schroeder, Rodrigo"]
[Result "1/2-1/2"]
[WhiteTitle "GM"]
[BlackTitle "GM"]
[WhiteElo "2602"]
[BlackElo "2542"]
[WhiteFideId "4173708"]
[BlackFideId "3400042"]
[EventDate "2013.06.09"]

1. d4 d5 2. c4 c6 3. cxd5 cxd5 4. Nc3 Nc6 5. Bf4 Nf6 6. e3 a6 7. Rc1 Bg4 8. f3
Bh5 9. g4 Bg6 10. h4 h6 11. h5 Bh7 12. Bd3 Bxd3 13. Qxd3 e6 14. Nge2 Rc8 15. Kf2
Be7 16. Na4 Nd7 17. Nac3 O-O 18. Kg2 Kh8 19. Bg3 Nb6 20. Nf4 Bd6 21. Qe2 Re8 22.
Nd3 Bxg3 23. Kxg3 e5 24. dxe5 Nxe5 25. Nxe5 Rxe5 26. Rhd1 Qd6 27. Kg2 Rce8 28.
e4 Qb4 29. a3 Qe7 30. Rd4 Qg5 31. Rf1 Qf6 32. Rfd1 dxe4 33. Rxe4 Rxe4 34. Nxe4
Qe5 35. Qf2 Nd5 36. Qd4 Nf4+ 37. Kf2 Qe7 38. Qd6 Qh4+ 39. Ke3 Ne6 40. Qg3 Qe7
41. Qd6 Qh4 42. Qg3 Qxg3 43. Nxg3 Nc5+ 44. Ne4 Re7 45. Rd8+ Kh7 46. Rc8 Ne6 47.
Rc3 g6 48. hxg6+ fxg6 49. Rc8 Kg7 50. Kf2 Rf7 51. Rc3 h5 52. gxh5 gxh5 53. Nd6
Rd7 54. Ne4 Kg6 55. Kg3 Nd4 56. Rc8 Rg7 57. Kf2 Rf7 58. Rg8+ Kh7 59. Rg3 Kh6 60.
Ng5 Rf5 61. Ne4 Rf4 62. Ke3 Ne6 63. Rg8 Rf7 64. Re8 Ng7 65. Rh8+ 1/2-1/2

[Event "FIDE World Blitz 2013"]
[Site "Khanty-Mansiysk RUS"]
[Date "2013.06.09"]
[Round "12.17"]
[White "Ponkratov, Pavel"]
[Black "Gundavaa, Bayarsaikhan"]
[Result "0-1"]
[WhiteTitle "GM"]
[BlackTitle "GM"]
[WhiteElo "2605"]
[BlackElo "2516"]
[WhiteFideId "4157800"]
[BlackFideId "4901045"]
[EventDate "2013.06.09"]

1. e4 c5 2. Nf3 d6 3. d4 cxd4 4. Nxd4 Nf6 5. Nc3 a6 6. Be3 e5 7. Nf3 Be7 8. Bc4
O-O 9. O-O Qc7 10. Qe2 Be6 11. Bb3 h6 12. Rfd1 Nbd7 13. Nh4 Nc5 14. Bxc5 Qxc5
15. Nf5 Bxf5 16. exf5 Rac8 17. a4 Qb4 18. Rd3 Rc5 19. Rad1 Rfc8 20. Rg3 Qf4 21.
Rf3 Qb4 22. Rfd3 Qf4 23. Rf3 Qb4 24. h3 b5 25. axb5 axb5 26. Ra1 e4 27. Rg3 d5
28. Qd2 Bd6 29. Rg4 Nxg4 30. hxg4 Be5 31. Ra7 Bxc3 32. bxc3 Qxc3 33. Qf4 Qf6 34.
Rd7 Rd8 35. Rb7 Qd6 36. Qe3 b4 37. g3 Rc7 38. Rb6 Qc5 39. Qxc5 Rxc5 40. Rxb4 d4
41. Rb7 d3 42. Rxf7 Kh8 43. cxd3 Rc1+ 44. Kg2 exd3 45. f6 gxf6 46. Rxf6 d2 47.
Rxh6+ Kg7 48. Rh5 Rd3 49. Rg5+ Kf6 50. Rf5+ Ke7 51. Ba4 Ra3 52. Re5+ Kf6 53.
Rf5+ Kg7 54. Rg5+ Kf6 55. Rf5+ Ke6 56. Bd7+ Kd6 57. Ba4 Rxa4 58. Rf6+ Ke5 0-1

[Event "FIDE World Blitz 2013"]
[Site "Khanty-Mansiysk RUS"]
[Date "2013.06.09"]
[Round "12.20"]
[White "Popov, Ivan RUS"]
[Black "Kurnosov, Igor"]
[Result "1-0"]
[WhiteTitle "GM"]
[BlackTitle "GM"]
[WhiteElo "2632"]
[BlackElo "2657"]
[WhiteFideId "4170350"]
[BlackFideId "4142527"]
[EventDate "2013.06.09"]

1. e4 c5 2. Nf3 d6 3. d4 cxd4 4. Nxd4 Nf6 5. Nc3 e6 6. Be2 Be7 7. O-O O-O 8. f4
Nc6 9. Be3 e5 10. Nxc6 bxc6 11. fxe5 dxe5 12. Qxd8 Rxd8 13. Rfd1 Be6 14. Rxd8+
Bxd8 15. Bf3 Bb6 16. Kf2 Rd8 17. Rd1 Rxd1 18. Nxd1 Kf8 19. b3 Ke7 20. Nb2 Kd6
21. Na4 Bd4 22. c3 Bxe3+ 23. Kxe3 Nd7 24. Be2 g6 25. Nb2 f5 26. Nc4+ Bxc4 27.
Bxc4 f4+ 28. Kf3 Nf6 29. Ba6 Kc7 30. Bc4 Kd6 31. Ba6 g5 32. Bc8 h5 33. h3 Kc7
34. Bf5 c5 35. b4 Kb6 36. a4 cxb4 37. cxb4 Kc6 38. Be6 Kd6 39. Bc8 Kc7 40. Bf5
Kc6 41. Ke2 g4 42. h4 Ne8 43. Bg6 Nf6 44. Kd3 Kb6 45. Bf5 Ne8 46. Bg6 Nf6 47.
Bf7 Kc6 48. Be6 Kd6 49. Bf5 Kc6 50. Kc4 f3 51. gxf3 gxf3 52. Kd3 Ne8 53. Bg6 Nf6
54. Ke3 a5 55. b5+ Kc5 56. Kxf3 Kd4 57. b6 Nd7 58. b7 Kc5 59. Bxh5 Kb6 60. Bf7
Kxb7 61. h5 Kb6 62. h6 Nf8 63. Kg4 Kc5 64. Kf5 Kd6 65. Bg8 Ke7 66. h7 1-0

[Event "FIDE World Blitz 2013"]
[Site "Khanty-Mansiysk RUS"]
[Date "2013.06.09"]
[Round "12.25"]
[White "Pasiev, Rakhim"]
[Black "Cherniaev, Alexander"]
[Result "0-1"]
[WhiteTitle "IM"]
[BlackTitle "GM"]
[WhiteElo "2384"]
[BlackElo "2447"]
[WhiteFideId "24122475"]
[BlackFideId "4117301"]
[EventDate "2013.06.09"]

1. e4 g6 2. d4 Bg7 3. Nc3 c6 4. Nf3 d5 5. h3 Nh6 6. Bg5 f6 7. Bh4 Nf7 8. Bg3 O-O
9. Be2 b6 10. O-O Bb7 11. Re1 e5 12. exd5 cxd5 13. Nd2 e4 14. a4 a6 15. Nb3 Nd7
16. a5 b5 17. Na2 f5 18. Nb4 g5 19. f4 Nd6 20. c3 Nc4 21. Qc1 h6 22. Ra2 Rc8 23.
Bxc4 dxc4 24. Nd2 Nf6 25. Nf1 Nh5 26. Bh2 Kh7 27. Re2 Qe8 28. fxg5 Qg6 29. Bf4
Nxf4 30. Qxf4 hxg5 31. Qd2 f4 32. d5 e3 33. Qd1 Rce8 34. Ra1 Rd8 35. Nh2 Qe4 36.
Nf3 Bf6 37. Qb1 Qxb1+ 38. Rxb1 Kg6 39. Rd1 Rd6 40. Ree1 Rfd8 41. Kf1 Bxd5 42.
Nxd5 Rxd5 43. Rxd5 Rxd5 44. Ke2 Kf5 45. Rd1 Rxd1 46. Kxd1 g4 47. hxg4+ Kxg4 48.
Ke2 Kg3 49. Ne1 Bd8 50. Kf1 Bb6 0-1

[Event "FIDE World Blitz 2013"]
[Site "Khanty-Mansiysk RUS"]
[Date "2013.06.09"]
[Round "12.26"]
[White "Bezgodov, Alexei"]
[Black "Ghaem Maghami, Ehsan"]
[Result "1/2-1/2"]
[WhiteTitle "GM"]
[BlackTitle "GM"]
[WhiteElo "2482"]
[BlackElo "2554"]
[WhiteFideId "4105257"]
[BlackFideId "12500739"]
[EventDate "2013.06.09"]

1. e4 c5 2. a3 e6 3. b4 b6 4. bxc5 bxc5 5. Nc3 Nc6 6. Rb1 Nf6 7. Bb5 Qc7 8. Nf3
Be7 9. O-O O-O 10. Re1 Bb7 11. d3 a6 12. Bc4 Rad8 13. Nd5 Nxd5 14. exd5 Na5 15.
Ba2 Bd6 16. c4 Rb8 17. Bd2 exd5 18. cxd5 c4 19. Qa4 Nb3 20. Qxc4 Nxd2 21. Nxd2
Bxh2+ 22. Kh1 Bf4 23. Qxc7 Bxc7 24. Re7 Rfd8 25. Ne4 Ba8 26. Rxb8 Bxb8 27. d6
Bxe4 28. Rxf7 Kh8 29. dxe4 Bxd6 30. a4 a5 31. f4 Rf8 32. Rxd7 Bxf4 33. g4 g6 34.
Rd5 Re8 35. Bb1 Re5 36. Kg2 Rxd5 37. exd5 Kg7 38. Kf3 Bd6 39. Bd3 Kf6 40. Ke4
Kg5 41. Be2 h6 42. Bd1 Kh4 43. Kf3 Kg5 44. Ke4 Kf6 45. Be2 1/2-1/2

[Event "FIDE World Blitz 2013"]
[Site "Khanty-Mansiysk RUS"]
[Date "2013.06.09"]
[Round "12.27"]
[White "Skatchkov, Pavel"]
[Black "Kabanov, Nikolai"]
[Result "1-0"]
[WhiteTitle "GM"]
[BlackTitle "GM"]
[WhiteElo "2486"]
[BlackElo "2472"]
[WhiteFideId "4121848"]
[BlackFideId "4127820"]
[EventDate "2013.06.09"]

1. d4 g6 2. Nf3 Bg7 3. g3 d6 4. Bg2 Nd7 5. O-O e5 6. c4 Ne7 7. Nc3 O-O 8. e4
exd4 9. Nxd4 Nc6 10. Be3 Nde5 11. Nxc6 bxc6 12. Qe2 Be6 13. b3 Nxc4 14. Rac1
Nxe3 15. Qxe3 c5 16. h3 Rb8 17. Kh2 a5 18. f4 Bd4 19. Qf3 c6 20. f5 Bd7 21. Ne2
Be5 22. Nf4 a4 23. bxa4 Rb2 24. Rf2 Rxf2 25. Qxf2 Qa5 26. Nd3 Bd4 27. Qf4 d5 28.
f6 dxe4 29. Nxc5 Bc8 30. Rc4 Qd8 31. Nxe4 Re8 32. Rxd4 Qxd4 33. Qh6 1-0

[Event "FIDE World Blitz 2013"]
[Site "Khanty-Mansiysk RUS"]
[Date "2013.06.09"]
[Round "12.28"]
[White "Potapov, Pavel"]
[Black "Gordievsky, Dmitry"]
[Result "1/2-1/2"]
[WhiteTitle "IM"]
[BlackTitle "FM"]
[WhiteElo "2460"]
[BlackElo "2474"]
[WhiteFideId "4169786"]
[BlackFideId "24112798"]
[EventDate "2013.06.09"]

1. e4 e6 2. d4 d5 3. e5 c5 4. c3 Nc6 5. Nf3 Nge7 6. Na3 Nf5 7. Nc2 Be7 8. Be2
O-O 9. O-O b6 10. Bd3 a5 11. Bxf5 exf5 12. Ne3 Be6 13. g3 h6 14. Qd3 Qd7 15. Ng2
cxd4 16. cxd4 Nb4 17. Qd1 Rfc8 18. Bd2 Qb5 19. Bc3 a4 20. a3 Nc6 21. Nf4 Na5 22.
Bxa5 Qxa5 23. Rc1 Qb5 24. Qd2 Qb3 25. Nd3 Rc4 26. Qe2 Rxc1 27. Rxc1 Rc8 28.
Rxc8+ Bxc8 29. Nc1 Ba6 30. Qxa6 Qxf3 31. Qxa4 Bg5 32. Qc2 Bxc1 33. Qxc1 Qd3 34.
Qc3 Qe4 35. a4 f4 36. gxf4 Qxf4 37. b4 Qg4+ 38. Kf1 Qd1+ 39. Kg2 Qg4+ 40. Kf1
Qd1+ 41. Kg2 Qxa4 42. Qc8+ Kh7 43. Qf5+ Kg8 44. Qc8+ Kh7 45. Qf5+ 1/2-1/2

[Event "FIDE World Blitz 2013"]
[Site "Khanty-Mansiysk RUS"]
[Date "2013.06.09"]
[Round "12.29"]
[White "Byambaa, Zulzaga"]
[Black "Sibriaev, Aleksandr"]
[Result "1/2-1/2"]
[WhiteTitle "FM"]
[BlackTitle "FM"]
[WhiteElo "2285"]
[BlackElo "2239"]
[WhiteFideId "4900642"]
[BlackFideId "4116070"]
[EventDate "2013.06.09"]

1. e4 c5 2. Nf3 Nc6 3. Bb5 Na5 4. O-O a6 5. Be2 b5 6. d4 cxd4 7. Nxd4 Bb7 8. Bf3
d6 9. a4 e5 10. Nf5 Nf6 11. Re1 g6 12. Nh6 Be7 13. Nc3 b4 14. Na2 Nc6 15. c3
bxc3 16. Nxc3 Kf8 17. Be3 Rb8 18. Ng4 h5 19. Nxf6 Bxf6 20. Nd5 Bg5 21. Bb6 Qd7
22. g3 Kg7 23. b4 Ba8 24. h4 Bd8 25. b5 Bxb6 26. bxc6 Bxc6 27. Qd3 Bd4 28. Ra2
Bxd5 29. exd5 a5 30. Be2 Rb4 31. Qd1 Rhb8 32. Bb5 Qe7 33. Ra3 Rb2 34. Re2 Rxe2
35. Qxe2 Rc8 36. Kg2 Rc3 37. Rxc3 Bxc3 38. Qc2 Bb4 39. Qd3 Bc5 40. f3 Bd4 41.
Qd2 Qc7 42. Bc6 Qb6 43. Bb5 Qc5 44. Bc6 Bc3 45. Qe2 Qd4 46. Kh3 Bb4 47. Kg2 f5 1/2-1/2

[Event "FIDE World Blitz 2013"]
[Site "Khanty-Mansiysk RUS"]
[Date "2013.06.09"]
[Round "13.1"]
[White "Nepomniachtchi, Ian"]
[Black "Nguyen, Ngoc Truong Son"]
[Result "1-0"]
[WhiteTitle "GM"]
[BlackTitle "GM"]
[WhiteElo "2717"]
[BlackElo "2625"]
[WhiteFideId "4168119"]
[BlackFideId "12401110"]
[EventDate "2013.06.09"]

1. e4 e6 2. d4 d5 3. Nc3 Nc6 4. Nf3 Nf6 5. e5 Ne4 6. Bd3 Bb4 7. Bd2 Bxc3 8. bxc3
h6 9. O-O b6 10. c4 Nxd2 11. Qxd2 dxc4 12. Bxc4 Bb7 13. Rad1 Na5 14. Bb5+ Kf8
15. Be2 Qe7 16. Qe3 Bd5 17. Nd2 Qg5 18. Bf3 Qxe3 19. fxe3 Ke7 20. c4 Nxc4 21.
Nxc4 Bxc4 22. Rc1 Bxf1 23. Rxc7+ Kd8 24. Rxf7 Rc8 25. Kxf1 Rc7 26. Rf4 Ke7 27.
Rg4 g5 28. h4 Rc2 29. hxg5 hxg5 30. Kg1 Rg8 31. d5 exd5 32. Bxd5 Rd8 33. e4 Rc1+
34. Kf2 Rf8+ 35. Ke3 Re1+ 36. Kd2 Rg1 37. Ke2 Rh8 38. Rxg5 Rh7 39. Rg6 Rh5 40.
Rg7+ Kf8 41. Rf7+ Ke8 42. Kf2 Rd1 43. e6 Rd2+ 44. Kf3 Rhxd5 45. exd5 Rxd5 46.
Rxa7 Re5 47. e7 Rf5+ 48. Ke4 Rg5 49. Kf3 Rf5+ 50. Kg4 Rf1 51. Kg5 b5 52. g4 b4
53. Kh6 Ra1 54. Rb7 Rxa2 55. Rxb4 Ra6+ 56. Kg7 Ra5 57. Re4 Rg5+ 58. Kf6 Rd5 59.
g5 Rd4 60. Re5 Rd6+ 61. Kg7 Rd7 62. g6 Rd1 63. Kg8 Rg1 64. g7 Rh1 65. Re4 Rh5
66. Ra4 Rh1 67. Ra8+ Kxe7 68. Ra2 Re1 69. Rh2 1-0

[Event "FIDE World Blitz 2013"]
[Site "Khanty-Mansiysk RUS"]
[Date "2013.06.09"]
[Round "13.5"]
[White "Movsesian, Sergei"]
[Black "Cheparinov, Ivan"]
[Result "0-1"]
[WhiteTitle "GM"]
[BlackTitle "GM"]
[WhiteElo "2699"]
[BlackElo "2678"]
[WhiteFideId "310204"]
[BlackFideId "2905540"]
[EventDate "2013.06.09"]

1. c4 g6 2. Nc3 Bg7 3. g3 Nf6 4. Bg2 O-O 5. Nf3 d5 6. cxd5 Nxd5 7. O-O Nb6 8. d3
Nc6 9. Bg5 h6 10. Be3 e5 11. a3 Re8 12. Rc1 Nd4 13. Bxd4 exd4 14. Ne4 c6 15. Qd2
a5 16. Nc5 a4 17. Rfe1 Nd5 18. Rc4 b6 19. Rxa4 Rxa4 20. Nxa4 c5 21. e4 dxe3 22.
fxe3 Bg4 23. Nc3 Bxf3 24. Bxf3 Nxe3 25. Nd5 Nxd5 26. Rxe8+ Qxe8 27. Bxd5 Bd4+
28. Kg2 Qe5 29. Bb3 Kg7 30. Qf4 Qe2+ 31. Kh3 Qh5+ 32. Kg2 Qe2+ 33. Kh3 Qe7 34.
a4 Bxb2 35. Qf3 Bd4 36. Kg2 h5 37. h4 Qd7 38. Qd5 Qe7 39. Qf3 Bf6 40. Kf1 Qe5
41. Bc4 Qa1+ 42. Kg2 Qxa4 43. Qb7 Qe8 44. Qxb6 Qe2+ 45. Kh3 Qf1+ 46. Kh2 Qf2+
47. Kh3 Qf1+ 48. Kh2 Bd4 49. Qc7 Qg1+ 0-1

[Event "FIDE World Blitz 2013"]
[Site "Khanty-Mansiysk RUS"]
[Date "2013.06.09"]
[Round "13.8"]
[White "Grachev, Boris"]
[Black "Akopian, Vladimir"]
[Result "1-0"]
[WhiteTitle "GM"]
[BlackTitle "GM"]
[WhiteElo "2683"]
[BlackElo "2691"]
[WhiteFideId "4129199"]
[BlackFideId "13300032"]
[EventDate "2013.06.09"]

1. d4 Nf6 2. Nf3 e6 3. Bf4 b6 4. e3 Bb7 5. h3 Be7 6. Bd3 O-O 7. O-O c5 8. c3 h6
9. Qe2 cxd4 10. exd4 d6 11. Nbd2 Nbd7 12. Bg3 Qc7 13. Rfe1 Rfe8 14. Ba6 Bxa6 15.
Qxa6 Qc8 16. Qd3 d5 17. Ne5 Nxe5 18. Bxe5 Nd7 19. Bf4 Nf8 20. Nf3 Qd8 21. Ne5
Bd6 22. Qg3 Bxe5 23. Bxe5 Qg5 24. Qd3 Ng6 25. Re3 Nxe5 26. Rxe5 Qf6 27. Rae1 g6
28. R5e3 Qf5 29. Qe2 h5 30. Rf3 Qg5 31. Rg3 Qh6 32. Qe5 Qg7 33. Qf4 f6 34. Rge3
Qf7 35. Qh6 Re7 36. Rg3 g5 37. f4 Qg7 38. Qxg7+ Kxg7 39. fxg5 f5 40. h4 Rc8 41.
Rge3 Rc6 42. Kf2 b5 43. a3 a5 44. Kf3 Kf7 45. Ra1 Rc4 46. Kf4 Rb7 47. Ke5 Rb6
48. Kf4 b4 49. axb4 axb4 50. Ra7+ Kg6 51. Re7 Rcc6 52. Ke5 bxc3 53. Rxc3 Rxc3
54. bxc3 Rb2 55. Rxe6+ Kg7 56. Kxf5 Rf2+ 57. Ke5 Rxg2 58. Rh6 Rg3 59. Kxd5 Rxc3
60. Rxh5 1-0

[Event "FIDE World Blitz 2013"]
[Site "Khanty-Mansiysk RUS"]
[Date "2013.06.09"]
[Round "13.9"]
[White "Tkachiev, Vladislav"]
[Black "Najer, Evgeniy"]
[Result "0-1"]
[WhiteTitle "GM"]
[BlackTitle "GM"]
[WhiteElo "2649"]
[BlackElo "2633"]
[WhiteFideId "618438"]
[BlackFideId "4118987"]
[EventDate "2013.06.09"]

1. d4 d5 2. c4 c6 3. Nf3 Nf6 4. g3 Bf5 5. Nc3 e6 6. Nh4 Be4 7. f3 Bg6 8. Qb3 Qc8
9. e4 dxe4 10. Nxg6 hxg6 11. fxe4 e5 12. dxe5 Ng4 13. e6 fxe6 14. Be2 Ne5 15.
Bf4 Nbd7 16. O-O-O Be7 17. h4 Qc7 18. c5 Nxc5 19. Qc2 O-O 20. Kb1 Rad8 21. Rxd8
Rxd8 22. Bc4 b5 23. Bb3 a5 24. a3 Kh7 25. g4 Rf8 26. Bg5 Nxg4 27. Qg2 Nf6 28. e5
Nxb3 29. exf6 gxf6 30. h5 fxg5 31. Qc2 Nd4 32. hxg6+ Kg8 33. g7 Nxc2 0-1

[Event "FIDE World Blitz 2013"]
[Site "Khanty-Mansiysk RUS"]
[Date "2013.06.09"]
[Round "13.10"]
[White "Potkin, Vladimir"]
[Black "Andreikin, Dmitry"]
[Result "1/2-1/2"]
[WhiteTitle "GM"]
[BlackTitle "GM"]
[WhiteElo "2647"]
[BlackElo "2713"]
[WhiteFideId "4131061"]
[BlackFideId "4158814"]
[EventDate "2013.06.09"]

1. e4 e5 2. Nf3 Nc6 3. Nc3 Nf6 4. d4 exd4 5. Nxd4 Bb4 6. Nxc6 bxc6 7. Bd3 d5 8.
exd5 cxd5 9. Qe2+ Be7 10. Bg5 O-O 11. O-O-O c6 12. Rhe1 Bb4 13. Qe5 Ng4 14. Bxd8
Nxe5 15. Bg5 Nxd3+ 16. Rxd3 Bf5 17. Rf3 Be6 18. a3 Ba5 19. Be7 Rfe8 20. Bc5 Bc7
21. h3 h5 22. Na4 h4 23. Bd4 f6 24. Nc5 Bf7 25. Rxe8+ Rxe8 26. Nd3 a5 27. Re3
Rxe3 28. Bxe3 Kf8 29. Kd2 Ke7 30. f3 g5 31. Nc5 Bg6 32. a4 Bf5 33. c3 Bc8 34. b4
Kf7 35. Nb3 axb4 36. cxb4 Kg6 37. a5 Bd6 38. Bc5 Bf4+ 39. Kc3 Ba6 40. Nd4 Be5
41. Kd2 Bxd4 42. Bxd4 f5 43. Ke3 f4+ 44. Kf2 Kf5 45. Ke1 Bb5 46. Kf2 Ba6 47. Ke1
Bb5 1/2-1/2

[Event "FIDE World Blitz 2013"]
[Site "Khanty-Mansiysk RUS"]
[Date "2013.06.09"]
[Round "13.16"]
[White "Georgiev, Kiril"]
[Black "Artemiev, Vladislav"]
[Result "0-1"]
[WhiteTitle "GM"]
[BlackTitle "IM"]
[WhiteElo "2636"]
[BlackElo "2524"]
[WhiteFideId "2900017"]
[BlackFideId "24101605"]
[EventDate "2013.06.09"]

1. d4 d5 2. Bf4 Nf6 3. e3 c5 4. c3 Nc6 5. Nf3 Qb6 6. Qb3 c4 7. Qc2 Bf5 8. Qc1 e6
9. Nbd2 Be7 10. Be2 O-O 11. b3 cxb3 12. axb3 Rfc8 13. O-O Nb4 14. Qb2 Nd3 15.
Bxd3 Bxd3 16. Rfc1 Nh5 17. Bg5 f6 18. Bh4 g5 19. Bg3 Nxg3 20. hxg3 Rc6 21. Ne1
Bg6 22. b4 Rac8 23. Nb3 a6 24. Qd2 Kf7 25. Nc5 h5 26. Qe2 Qb5 27. Qd2 b6 28.
Ncd3 R6c7 29. Ra2 Bd6 30. Raa1 Rh8 31. Qe2 Ke7 32. Qd1 h4 33. g4 h3 34. g3 h2+
35. Kh1 Bxg3 36. f3 Rhc8 37. Ra2 Rxc3 38. Rxc3 Rxc3 39. Rd2 Qc4 40. Kg2 Bxe1 41.
Nxe1 Rc1 42. Qe2 Qxe2+ 43. Rxe2 Bd3 0-1

[Event "FIDE World Blitz 2013"]
[Site "Khanty-Mansiysk RUS"]
[Date "2013.06.09"]
[Round "13.21"]
[White "Khismatullin, Denis"]
[Black "Kurnosov, Igor"]
[Result "1-0"]
[WhiteTitle "GM"]
[BlackTitle "GM"]
[WhiteElo "2658"]
[BlackElo "2657"]
[WhiteFideId "4142578"]
[BlackFideId "4142527"]
[EventDate "2013.06.09"]

1. Nf3 c5 2. b3 d6 3. Bb2 e5 4. g3 g6 5. Bg2 Bg7 6. O-O Ne7 7. c4 Nbc6 8. Nc3
O-O 9. e3 f5 10. a3 h6 11. Qc2 Be6 12. Rad1 Bf7 13. Qb1 g5 14. d3 Ng6 15. Nd5 g4
16. Nd2 h5 17. f3 Nce7 18. fxg4 Nxd5 19. cxd5 fxg4 20. b4 cxb4 21. axb4 h4 22.
Rde1 Rc8 23. Nc4 Bh6 24. b5 Rc5 25. Ba3 Rxd5 26. Rxf7 Kxf7 27. Bxd5+ Kg7 28. Qd1
hxg3 29. hxg3 Qg5 30. Rf1 Rxf1+ 31. Qxf1 e4 32. Qf7+ 1-0

[Event "FIDE World Blitz 2013"]
[Site "Khanty-Mansiysk RUS"]
[Date "2013.06.09"]
[Round "13.22"]
[White "Ram, S. Krishnan"]
[Black "Ghaem Maghami, Ehsan"]
[Result "1-0"]
[BlackTitle "GM"]
[WhiteElo "2248"]
[BlackElo "2554"]
[WhiteFideId "5010519"]
[BlackFideId "12500739"]
[EventDate "2013.06.09"]

1. d4 Nf6 2. Nf3 c5 3. e3 g6 4. Bd3 d5 5. O-O Bg7 6. c3 Nbd7 7. Qe2 O-O 8. Nbd2
Re8 9. Ne5 a6 10. f4 Qc7 11. Ndf3 h6 12. Nxd7 Bxd7 13. Ne5 Ne4 14. Bd2 Nd6 15.
dxc5 Ne4 16. Nxd7 Qxd7 17. Bxe4 dxe4 18. Rad1 Qa4 19. f5 g5 20. Be1 Qxa2 21. h4
Bf6 22. hxg5 hxg5 23. Qg4 Qxb2 24. Bh4 Qxc3 25. Bxg5 Bxg5 26. Qxg5+ Qg7 27. Qf4
Rac8 28. Rd5 e6 29. f6 1-0

[Event "FIDE World Blitz 2013"]
[Site "Khanty-Mansiysk RUS"]
[Date "2013.06.09"]
[Round "13.23"]
[White "Skatchkov, Pavel"]
[Black "Cherniaev, Alexander"]
[Result "1/2-1/2"]
[WhiteTitle "GM"]
[BlackTitle "GM"]
[WhiteElo "2486"]
[BlackElo "2447"]
[WhiteFideId "4121848"]
[BlackFideId "4117301"]
[EventDate "2013.06.09"]

1. e4 g6 2. d4 Bg7 3. Nc3 c6 4. Bc4 d6 5. Nge2 Nf6 6. O-O b5 7. Bb3 b4 8. e5
bxc3 9. exf6 Bxf6 10. Nxc3 O-O 11. Ne4 Bg7 12. c3 Nd7 13. Re1 Nf6 14. Bg5 Nxe4
15. Rxe4 Re8 16. Qd2 Bf5 17. Rh4 d5 18. Re1 Qd7 19. Bh6 Bf6 20. Bg5 Bg7 21. Bh6
Bf6 22. Bg5 Bg7 23. Bh6 1/2-1/2

[Event "FIDE World Blitz 2013"]
[Site "Khanty-Mansiysk RUS"]
[Date "2013.06.09"]
[Round "13.26"]
[White "Frolyanov, Dmitry"]
[Black "Gordievsky, Dmitry"]
[Result "1/2-1/2"]
[WhiteTitle "GM"]
[BlackTitle "FM"]
[WhiteElo "2570"]
[BlackElo "2474"]
[WhiteFideId "4151976"]
[BlackFideId "24112798"]
[EventDate "2013.06.09"]

1. e4 e6 2. d4 d5 3. Nc3 Nf6 4. e5 Nfd7 5. f4 c5 6. Nf3 Nc6 7. Be3 a6 8. a3 b5
9. dxc5 Bxc5 10. Bxc5 Nxc5 11. b4 Nd7 12. Bd3 Qb6 13. Qe2 Nd4 14. Qf2 Nxf3+ 15.
Qxf3 Qd4 16. Be2 g5 17. Rd1 Qxf4 18. Nxd5 exd5 19. Qxd5 Rb8 20. Rf1 Qxe5 21.
Qxf7+ Kd8 22. Rd5 Qe7 23. Qxe7+ Kxe7 24. Rxg5 Rb6 25. Rg7+ Kd8 26. Bd3 Re6+ 27.
Kd2 Re7 28. Rff7 Rxf7 29. Rxf7 h6 30. Rg7 Ne5 31. Be2 Rf8 32. Rh7 Rf6 33. Ke3
Nc4+ 34. Bxc4 bxc4 35. Kd4 Bf5 36. Rh8+ Kc7 37. c3 Bd3 38. a4 Kd6 39. g3 Kc6 40.
h4 Rg6 41. Ke5 Kb7 42. Kd5 Rxg3 43. Rxh6 Bf1 44. b5 axb5 45. axb5 Rxc3 46. Kc5
Rg3 47. Rh7+ Kb8 48. Rh8+ Kc7 49. b6+ Kb7 50. Rh7+ Kb8 51. Rh8+ Kb7 52. Rh7+ Kb8
53. Rh8+ Kb7 54. Rh7+ Kc8 55. Rh8+ 1/2-1/2

[Event "FIDE World Blitz 2013"]
[Site "Khanty-Mansiysk RUS"]
[Date "2013.06.09"]
[Round "13.27"]
[White "Bezgodov, Alexei"]
[Black "Nadanian, Ashot"]
[Result "1-0"]
[WhiteTitle "GM"]
[BlackTitle "IM"]
[WhiteElo "2482"]
[BlackElo "2428"]
[WhiteFideId "4105257"]
[BlackFideId "13300393"]
[EventDate "2013.06.09"]

1. e4 c5 2. a3 d5 3. exd5 Nf6 4. Bb5+ Bd7 5. Bc4 Bg4 6. f3 Bf5 7. Nc3 Nbd7 8. d4
cxd4 9. Qxd4 Bxc2 10. Bf4 Rc8 11. Rc1 Bg6 12. Nge2 a6 13. g4 h6 14. h4 Qa5 15.
h5 Bh7 16. Ba2 b5 17. b4 Qxa3 18. O-O e5 19. dxe6 fxe6 20. Bxe6 Qxb4 21. Nxb5
Bc5 22. Nd6+ Kf8 23. Rxc5 Qxd4+ 24. Nxd4 Rxc5 25. Bxd7 Nxd7 26. Re1 g5 27. Ne6+
Kg8 28. Nxc5 Nxc5 29. Re8+ Kg7 30. Be5# 1-0